MARC

LEADER 00000nam0a2200000 4500
001 28033
005 20231030202643.0
010 |a 5230121017 
035 |a (RuTPU)RU\TPU\book\28289 
035 |a BOOK00000014 
090 |a 28033 
100 |a 20011209d1992 u y0rusy50 ca 
101 0 |a rus 
102 |a RU 
105 |a a f 000|y 
200 1 |a Излучающие устройства СВЧ и экранирование  |e учебное пособие  |f И. Ф. Будагян, Г. С. Головченко, В. Ф. Дубровин, В. В. Усатюк 
210 |a Москва  |c Изд-во МИРЭА  |d 1992 
215 |a 78 с.  |c ил. 
320 |a Библиогр.: с. 76-77. 
610 1 |a радиоэлектронная аппаратура 
610 1 |a СВЧ 
610 1 |a сверхвысокие частоты 
610 1 |a излучающие устройства 
610 1 |a экранирование 
610 1 |a электромагнитные экраны 
610 1 |a антенны 
610 1 |a безэховые камеры 
610 1 |a радиопоглощающие материалы 
610 1 |a учебные пособия 
675 |a 621.396.67.029.6(075.8)  |v 3 
701 1 |a Будагян  |g Ирина Фадеевна 
701 1 |a Головченко  |g Галина Сергеевна 
701 1 |a Дубровин  |g Владислав Федорович 
701 1 |a Усатюк  |g Валерий Васильевич 
801 0 |a RU  |b 63413507  |c 20011209  |g PSBO 
801 2 |a RU  |b 63413507  |c 20050914  |g PSBO 
942 |c BK